Last king of ___ - Statistics

General Stats
  • This quiz has been taken 35 times
  • The average score is 6 of 20
Answer Stats
Hint Answer % Correct
Louis Philippe I France
84%
Manuel II Portugal
72%
Constantine II Greece
69%
Kalākaua Hawai'i
56%
Michael I Romania
53%
Sigismund II Poland
50%
Wilhelm II Prussia
41%
George III Ireland
34%
Christian X Iceland
31%
Ratu Seru Epenisa Cakobau Fiji
28%
Peter II Yugoslavia
25%
Mohammed Zahir Shah Afghanistan
22%
Agoli-agbo Dahomey
9%
Nicholas I Montenegro
9%
Kigeli V Rwanda
9%
George VIII Georgia
6%
Ferdinand IV Naples
6%
Togia-Pule-toaki Niue
6%
Ferdinand III Sicily
3%
Cosijopii I Zaachila
3%
No matching quizzes found
Score Distribution
Percent of People with Each Score
Percentile by Number Answered
Your Score History
You have not taken this quiz